A Christian America : Protestant hopes and historical realities /

Bibliographic Details
Main Author: Handy, Robert T.
Format: Book
Language:English
Published: New York ; Oxford : Oxford University Press, 1984.
Edition:2nd ed., rev. and enl.
Subjects:

MARC

Tag First Indicator Second Indicator Subfields
LEADER 00000pam a2200000 a 4500
001 in00000549621
005 20151014050935.0
008 830415s1984 enk b 00110 eng
010 |a  83008177  
020 |a 0195033868 (U.S.) :  |c $15.95 
020 |a 0195033876 (U.S. : pbk.) :  |c $8.95 
035 |a (OCoLC)09465033 
035 |9 ACJ1333AM 
039 0 |a 2  |b 3  |c 3  |d 3  |e 3 
040 |a DLC  |c DLC  |d TXA  |d UtOrBLW 
043 |a n-us--- 
049 |a TXAM  |c [861504] 
050 0 0 |a BR515  |b .H354 1984 
082 0 |a 280/.4/0973  |2 19 
100 1 |a Handy, Robert T. 
245 1 2 |a A Christian America :  |b Protestant hopes and historical realities /  |c Robert T. Handy. 
250 |a 2nd ed., rev. and enl. 
264 1 |a New York ;  |a Oxford :  |b Oxford University Press,  |c 1984. 
300 |a xii, 269 pages ;  |c 22 cm. 
336 |a text  |b txt  |2 rdacontent 
337 |a unmediated  |b n  |2 rdamedia 
338 |a volume  |b nc  |2 rdacarrier 
500 |a Includes index. 
504 |a Bibliography: pages 214-221. 
650 0 |a Protestant churches  |z United States. 
650 0 |a Christianity and culture. 
651 0 |a United States  |x Church history. 
999 |a MARS 
999 f f |s de2d0387-131c-3096-9723-d5cc3d88ec50  |i 6e450eee-4622-3045-8fe8-54c74f30b177  |t 0 
952 f f |p ric  |a Texas A&M University  |b Rellis Campus  |c Joint Library Facility  |s JLF  |d Remote Storage  |t 0  |e BR515 .H354 1984  |h Library of Congress classification  |i unmediated -- volume  |m A14808912800 
998 f f |a BR515 .H354 1984  |t 0  |l Remote Storage